Discovering computers: (Record no. 4649)
[ view plain ]
| 000 -LEADER | |
|---|---|
| fixed length control field | 01256cam a22003497a 4500 |
| 001 - CONTROL NUMBER | |
| control field | 16781336 |
| 003 - CONTROL NUMBER IDENTIFIER | |
| control field | 20170124092413.0 |
| 005 - DATE AND TIME OF LATEST TRANSACTION | |
| control field | 20240606080940.0 |
| 008 - FIXED-LENGTH DATA ELEMENTS--GENERAL INFORMATION | |
| fixed length control field | 110516s2010 maua a 001 0 eng |
| 035 ## - SYSTEM CONTROL NUMBER | |
| System control number | (OCoLC)ocn401337953 |
| 040 ## - CATALOGING SOURCE | |
| Original cataloging agency | NUI |
| Transcribing agency | NUI |
| Modifying agency | NUI |
| -- | BTCTA |
| -- | YDXCP |
| -- | UV0 |
| -- | DLC |
| 042 ## - AUTHENTICATION CODE | |
| Authentication code | lccopycat |
| 050 00 - LIBRARY OF CONGRESS CALL NUMBER | |
| Classification number | QA76.5 |
| Item number | .S4577 2010 |
| 082 00 - DEWEY DECIMAL CLASSIFICATION NUMBER | |
| Classification number | 004 |
| Edition information | 23 |
| 100 1# - MAIN ENTRY--PERSONAL NAME | |
| Personal name | Shelly, Gary B. |
| 245 10 - TITLE STATEMENT | |
| Title | Discovering computers: |
| Remainder of title | with microsoft office 2010 CSCI 1101 2013-14 |
| 260 ## - PUBLICATION, DISTRIBUTION, ETC. | |
| Place of publication, distribution, etc. | Boston, MA : |
| Name of publisher, distributor, etc. | Course Technology, Cengage Learning, |
| Date of publication, distribution, etc. | c2010. |
| 300 ## - PHYSICAL DESCRIPTION | |
| Extent | 1 v. (various pagings) : |
| Other physical details | ill. (chiefly col.) ; |
| Dimensions | 28 cm. |
| 490 1# - SERIES STATEMENT | |
| Series statement | Shelly Cashman series |
| 504 ## - BIBLIOGRAPHY, ETC. NOTE | |
| Bibliography, etc. note | Includes index. |
| 650 #0 - SUBJECT ADDED ENTRY--TOPICAL TERM | |
| Topical term or geographic name entry element | Computers. |
| 650 #0 - SUBJECT ADDED ENTRY--TOPICAL TERM | |
| Topical term or geographic name entry element | Computer science. |
| 650 #0 - SUBJECT ADDED ENTRY--TOPICAL TERM | |
| Topical term or geographic name entry element | Computer networks. |
| 700 1# - ADDED ENTRY--PERSONAL NAME | |
| Personal name | Vermaat, Misty. |
| 700 1# - ADDED ENTRY--PERSONAL NAME | |
| Personal name | Quasney, Jeffrey J. |
| 700 1# - ADDED ENTRY--PERSONAL NAME | |
| Personal name | Sebok, Susan L. |
| 700 1# - ADDED ENTRY--PERSONAL NAME | |
| Personal name | Freund, Steven M. |
| 800 1# - SERIES ADDED ENTRY--PERSONAL NAME | |
| Personal name | Shelly, Gary B. |
| Title of a work | Shelly Cashman series. |
| 906 ## - LOCAL DATA ELEMENT F, LDF (RLIN) | |
| a | 7 |
| b | cbc |
| c | copycat |
| d | 2 |
| e | ncip |
| f | 20 |
| g | y-gencatlg |
| 942 ## - ADDED ENTRY ELEMENTS (KOHA) | |
| Source of classification or shelving scheme | Library of Congress Classification |
| Koha item type | Books |
| Withdrawn status | Lost status | Source of classification or shelving scheme | Damaged status | Not for loan | Home library | Current library | Date acquired | Total checkouts | Full call number | Barcode | Date last seen | Price effective from | Koha item type |
|---|---|---|---|---|---|---|---|---|---|---|---|---|---|
| Library of Congress Classification | Murang'a University of Technology Library | Murang'a University of Technology Library | 24/01/2017 | QA76.5 .S4577 2010 | 004955 | 30/08/2024 | 24/01/2017 | Books |